01845nam a2200301 a 4500001001500000005001700015008004100032020003500073020003000108040000600138050001100144082001500155100002300170245008000193250001700273260003300290300002100323520082200344650002501166650004201191650003301233650001801266650003301284856008201317942001201399999001701411952011501428ASIN074326045720170105102910.0131025s2004 xxu eng d a0743260457 (paperback)c$14.00 a9780743260459 (paperback) a004aHV643204a363.3209731 aClarke, Richard A.10aAgainst all enemies :binside america's war on terror /cRichard A. Clarke. a1St Edition. a[S.l.] :bFree Press,c2004. a352 p. ;c22 cm. aTHE EXPLOSIVE INTERNATIONAL BESTSELLER With all-new excerpts from Richard Clarke's dramatic public testimony, and revealing corroboration from The 9/11 Commission Report From the 9/11 Commission Report: "On the day of the meeting [September 4, 2001], Clarke sent Rice an impassioned personal note. He criticized U.S. counterterrorism efforts past and present. The 'real question' before the principals, he wrote, was 'are we serious about dealing with the al Qida threat?...Is al Qida a big deal?... Decision makers should imagine themselves on a future day when the CSG has not succeeded in stopping al Qida attacks and hundreds of Americans lay dead in several countries, including the US,' Clarke wrote. 'What would those decision makers wish that they had done earlier? That future day could happen at any time.'" 0aQaida (Organization) 0aSeptember 11 Terrorist Attacks (2001) 0aTerrorism--Government policy 0aUnited States 0aWar on Terrorism (2001-2009)403Amazon.comuhttp://www.amazon.com/exec/obidos/ASIN/0743260457/chopaconline-20 2ddccBK c15050d15050 001040708NFICaCIPSbCIPScGENd2013-10-01l0o363.320973 CLA 2004pCIPS0001141r2013-10-25w2013-10-25yBK